000 00743nam a2200229 a 4500
001 41085
003 BD-RjUL
005 20211209053328.0
008 160514s1965 bg ||||| |||| 00| 0 ben d
020 _c: IRs 7.00
035 _a(BD-RjUL) 41201
040 _aBD-RjUL
_bben
_cBD-RjUL
_dBD-RjUL
041 _aben
082 _223
_a891.443
_bFAR 1965
100 _aফজল, আবুল
_9126395
245 1 0 _aরেখা চিত্র /
_cআবুল ফজল
260 _aচট্রগ্রাম :
_bবই ঘর,
_c১৯৬৫.
300 _a[১৬], ৪১৪ পৃ. ;
_c২১ সেমি.
650 _aবাংলা উপন্যাস
_9126396
650 _aBengali Fiction
_9126397
942 _2ddc
_cBK
999 _c41085
_d41085